000 00921nam a2200289 a 4500
001 26357
003 CO-ViMGA
005 20230915223420.0
008 141112s2004 ck r 000 u spa d
020 _a9681670574
035 _aAHW8654 LA
040 _aCO-ViMGA
_bspa
_cCO-ViMGA
041 _aspa eng
043 _an - us - - -
082 0 4 _aI813 B87c
100 1 _aBurks, Brian.
_93464
245 1 0 _aCorre con caballos /
_cBrian Burks ; ilustraciones de Ricardo Peláez ; traducción de María Vinós.
260 _aMéxico :
_bFondo de Cultura Económica,
_c2003.
300 _a93 p. : il., mapas ; 19 cm.
490 0 _aA la orilla del viento. Para los que leen bien ; 168
504 _aIncluye bilbiografía.
650 1 4 _aNovela juvenil estadounidense.
_92066
700 1 _aPeláez, Ricardo, il.
_93465
942 _2ddc
_cBK
949 _an n
999 _c9900
_d9900